Pride flags - Statistics

General Stats
  • This quiz has been taken 243 times
  • The average score is 12 of 15
Answer Stats
Picture Answer % Correct
Bisexual
99%
Asexual
98%
Pansexual
98%
Transgender
96%
Gay
95%
Non-binary
91%
Aromantic
87%
Demisexual
80%
Agender
79%
Gender fluid
78%
Gender queer
78%
Polyamorous
70%
Demigender
62%
Bigender
58%
Abrosexual
50%
No matching quizzes found
Score Distribution
Percent of People with Each Score
Percentile by Number Answered
Your Score History
You have not taken this quiz